<?xml version="1.0" encoding="UTF-8"?>
<record
    xmlns:xsi="http://www.w3.org/2001/XMLSchema-instance"
    xsi:schemaLocation="http://www.loc.gov/MARC21/slim http://www.loc.gov/standards/marcxml/schema/MARC21slim.xsd"
    xmlns="http://www.loc.gov/MARC21/slim">

  <leader>00814nam0a22002411i 4500</leader>
  <controlfield tag="001">10493</controlfield>
  <controlfield tag="005">20260223020003.0</controlfield>
  <datafield tag="010" ind1=" " ind2=" ">
    <subfield code="a">9789947878019</subfield>
  </datafield>
  <datafield tag="090" ind1=" " ind2=" ">
    <subfield code="a">10493</subfield>
  </datafield>
  <datafield tag="100" ind1=" " ind2=" ">
    <subfield code="a">20240205              aray50        </subfield>
  </datafield>
  <datafield tag="101" ind1="0" ind2=" ">
    <subfield code="a">ara</subfield>
  </datafield>
  <datafield tag="102" ind1=" " ind2=" ">
    <subfield code="c">FR</subfield>
  </datafield>
  <datafield tag="200" ind1="1" ind2=" ">
    <subfield code="a">&#x627;&#x644;&#x642;&#x636;&#x627;&#x621; &#x627;&#x644;&#x625;&#x62F;&#x627;&#x631;&#x64A; &#x641;&#x64A; &#x627;&#x644;&#x62C;&#x632;&#x627;&#x626;&#x631;</subfield>
    <subfield code="e">&#x62F;&#x631;&#x627;&#x633;&#x629; &#x648;&#x635;&#x641;&#x64A;&#x629; &#x62A;&#x62D;&#x644;&#x64A;&#x644;&#x64A;&#x629; &#x645;&#x642;&#x627;&#x631;&#x646;&#x629;</subfield>
  </datafield>
  <datafield tag="205" ind1=" " ind2=" ">
    <subfield code="a">&#x637; 2.</subfield>
  </datafield>
  <datafield tag="210" ind1=" " ind2=" ">
    <subfield code="c">&#x62C;&#x633;&#x648;&#x631; &#x644;&#x644;&#x646;&#x634;&#x631;</subfield>
    <subfield code="a">&#x627;&#x644;&#x62C;&#x632;&#x627;&#x626;&#x631;</subfield>
    <subfield code="d">2008</subfield>
  </datafield>
  <datafield tag="215" ind1=" " ind2=" ">
    <subfield code="b">&#x643;&#x62A;&#x627;&#x628;</subfield>
    <subfield code="a">216 &#x635;.</subfield>
    <subfield code="c">&#x63A;&#x644;&#x627;&#x641; &#x645;&#x644;&#x648;&#x646;</subfield>
    <subfield code="d">23 &#x633;&#x645;.</subfield>
  </datafield>
  <datafield tag="606" ind1=" " ind2=" ">
    <subfield code="a">&#x627;&#x644;&#x642;&#x636;&#x627;&#x621; &#x627;&#x644;&#x625;&#x62F;&#x627;&#x631;&#x64A;&#x60C; &#x627;&#x644;&#x62C;&#x632;&#x627;&#x626;&#x631;&#x60C; &#x627;&#x644;&#x645;&#x62D;&#x627;&#x643;&#x645; &#x627;&#x644;&#x625;&#x62F;&#x627;&#x631;&#x64A;&#x629;&#x60C; &#x645;&#x62C;&#x644;&#x633; &#x627;&#x644;&#x62F;&#x648;&#x644;&#x629;&#x60C; &#x645;&#x62D;&#x643;&#x645;&#x629; &#x627;&#x644;&#x62A;&#x646;&#x627;&#x632;&#x639;</subfield>
  </datafield>
  <datafield tag="700" ind1="0" ind2=" ">
    <subfield code="a">&#x628;&#x648;&#x636;&#x64A;&#x627;&#x641;&#x60C; &#x639;&#x645;&#x627;&#x631;</subfield>
  </datafield>
  <datafield tag="852" ind1=" " ind2=" ">
    <subfield code="j">ADM/011/4/01</subfield>
  </datafield>
  <datafield tag="856" ind1=" " ind2=" ">
    <subfield code="z">Sommaire</subfield>
    <subfield code="u">http://41.111.198.133/Z/ADM.011.4.01.pdf</subfield>
  </datafield>
  <datafield tag="942" ind1=" " ind2=" ">
    <subfield code="c">BK</subfield>
  </datafield>
  <datafield tag="950" ind1=" " ind2=" ">
    <subfield code="a">29</subfield>
  </datafield>
  <datafield tag="995" ind1=" " ind2=" ">
    <subfield code="r">BK</subfield>
    <subfield code="j">15194</subfield>
    <subfield code="k">ADM/011/4/01/001</subfield>
    <subfield code="o">0</subfield>
    <subfield code="9">44778</subfield>
    <subfield code="2">0</subfield>
    <subfield code="5">2024-02-05</subfield>
    <subfield code="b">LLP</subfield>
    <subfield code="c">LLP</subfield>
    <subfield code="f">LLP/ADM/011/4/01/001</subfield>
  </datafield>
  <datafield tag="995" ind1=" " ind2=" ">
    <subfield code="r">BK</subfield>
    <subfield code="j">15195</subfield>
    <subfield code="k">ADM/011/4/01/002</subfield>
    <subfield code="o">0</subfield>
    <subfield code="9">44779</subfield>
    <subfield code="2">0</subfield>
    <subfield code="5">2024-02-05</subfield>
    <subfield code="b">LLP</subfield>
    <subfield code="c">LLP</subfield>
    <subfield code="f">LLP/ADM/011/4/01/002</subfield>
  </datafield>
  <datafield tag="995" ind1=" " ind2=" ">
    <subfield code="r">BK</subfield>
    <subfield code="j">15196</subfield>
    <subfield code="k">ADM/011/4/01/003</subfield>
    <subfield code="o">0</subfield>
    <subfield code="9">44780</subfield>
    <subfield code="2">0</subfield>
    <subfield code="5">2024-02-05</subfield>
    <subfield code="b">LLP</subfield>
    <subfield code="c">LLP</subfield>
    <subfield code="f">LLP/ADM/011/4/01/003</subfield>
  </datafield>
  <datafield tag="995" ind1=" " ind2=" ">
    <subfield code="r">BK</subfield>
    <subfield code="j">15197</subfield>
    <subfield code="k">ADM/011/4/01/004</subfield>
    <subfield code="o">0</subfield>
    <subfield code="9">44781</subfield>
    <subfield code="2">0</subfield>
    <subfield code="5">2024-02-05</subfield>
    <subfield code="b">LLP</subfield>
    <subfield code="c">LLP</subfield>
    <subfield code="f">LLP/ADM/011/4/01/004</subfield>
  </datafield>
  <datafield tag="995" ind1=" " ind2=" ">
    <subfield code="r">BK</subfield>
    <subfield code="j">15198</subfield>
    <subfield code="k">ADM/011/4/01/005</subfield>
    <subfield code="o">0</subfield>
    <subfield code="9">44782</subfield>
    <subfield code="2">0</subfield>
    <subfield code="5">2024-02-05</subfield>
    <subfield code="b">LLP</subfield>
    <subfield code="c">LLP</subfield>
    <subfield code="f">LLP/ADM/011/4/01/005</subfield>
  </datafield>
  <datafield tag="995" ind1=" " ind2=" ">
    <subfield code="r">BK</subfield>
    <subfield code="j">15199</subfield>
    <subfield code="k">ADM/011/4/01/006</subfield>
    <subfield code="o">0</subfield>
    <subfield code="9">44783</subfield>
    <subfield code="2">0</subfield>
    <subfield code="5">2024-02-05</subfield>
    <subfield code="b">LLP</subfield>
    <subfield code="c">LLP</subfield>
    <subfield code="f">LLP/ADM/011/4/01/006</subfield>
  </datafield>
  <datafield tag="995" ind1=" " ind2=" ">
    <subfield code="r">BK</subfield>
    <subfield code="j">15200</subfield>
    <subfield code="k">ADM/011/4/01/007</subfield>
    <subfield code="o">0</subfield>
    <subfield code="9">44784</subfield>
    <subfield code="2">0</subfield>
    <subfield code="5">2024-02-05</subfield>
    <subfield code="b">LLP</subfield>
    <subfield code="c">LLP</subfield>
    <subfield code="f">LLP/ADM/011/4/01/007</subfield>
  </datafield>
  <datafield tag="995" ind1=" " ind2=" ">
    <subfield code="r">BK</subfield>
    <subfield code="j">15201</subfield>
    <subfield code="k">ADM/011/4/01/008</subfield>
    <subfield code="o">0</subfield>
    <subfield code="9">44785</subfield>
    <subfield code="2">0</subfield>
    <subfield code="5">2024-02-05</subfield>
    <subfield code="b">LLP</subfield>
    <subfield code="c">LLP</subfield>
    <subfield code="f">LLP/ADM/011/4/01/008</subfield>
  </datafield>
  <datafield tag="995" ind1=" " ind2=" ">
    <subfield code="r">BK</subfield>
    <subfield code="j">15202</subfield>
    <subfield code="k">ADM/011/4/01/009</subfield>
    <subfield code="o">0</subfield>
    <subfield code="9">44786</subfield>
    <subfield code="2">0</subfield>
    <subfield code="5">2024-02-05</subfield>
    <subfield code="b">LLP</subfield>
    <subfield code="c">LLP</subfield>
    <subfield code="f">LLP/ADM/011/4/01/009</subfield>
  </datafield>
  <datafield tag="995" ind1=" " ind2=" ">
    <subfield code="r">BK</subfield>
    <subfield code="j">15203</subfield>
    <subfield code="k">ADM/011/4/01/010</subfield>
    <subfield code="o">0</subfield>
    <subfield code="9">44787</subfield>
    <subfield code="2">0</subfield>
    <subfield code="5">2024-02-05</subfield>
    <subfield code="b">LLP</subfield>
    <subfield code="c">LLP</subfield>
    <subfield code="f">LLP/ADM/011/4/01/010</subfield>
  </datafield>
  <datafield tag="995" ind1=" " ind2=" ">
    <subfield code="r">BK</subfield>
    <subfield code="j">15204</subfield>
    <subfield code="k">ADM/011/4/01/011</subfield>
    <subfield code="o">0</subfield>
    <subfield code="9">44788</subfield>
    <subfield code="2">0</subfield>
    <subfield code="5">2024-02-05</subfield>
    <subfield code="b">LLP</subfield>
    <subfield code="c">LLP</subfield>
    <subfield code="f">LLP/ADM/011/4/01/011</subfield>
  </datafield>
  <datafield tag="995" ind1=" " ind2=" ">
    <subfield code="r">BK</subfield>
    <subfield code="j">15205</subfield>
    <subfield code="k">ADM/011/4/01/012</subfield>
    <subfield code="o">0</subfield>
    <subfield code="9">44789</subfield>
    <subfield code="2">0</subfield>
    <subfield code="5">2024-02-05</subfield>
    <subfield code="b">LLP</subfield>
    <subfield code="c">LLP</subfield>
    <subfield code="f">LLP/ADM/011/4/01/012</subfield>
  </datafield>
  <datafield tag="995" ind1=" " ind2=" ">
    <subfield code="r">BK</subfield>
    <subfield code="j">15206</subfield>
    <subfield code="k">ADM/011/4/01/013</subfield>
    <subfield code="o">0</subfield>
    <subfield code="9">44790</subfield>
    <subfield code="2">0</subfield>
    <subfield code="5">2024-02-05</subfield>
    <subfield code="b">LLP</subfield>
    <subfield code="c">LLP</subfield>
    <subfield code="f">LLP/ADM/011/4/01/013</subfield>
  </datafield>
  <datafield tag="995" ind1=" " ind2=" ">
    <subfield code="r">BK</subfield>
    <subfield code="j">15207</subfield>
    <subfield code="k">ADM/011/4/01/014</subfield>
    <subfield code="o">0</subfield>
    <subfield code="9">44791</subfield>
    <subfield code="2">0</subfield>
    <subfield code="5">2024-02-05</subfield>
    <subfield code="b">LLP</subfield>
    <subfield code="c">LLP</subfield>
    <subfield code="f">LLP/ADM/011/4/01/014</subfield>
  </datafield>
  <datafield tag="995" ind1=" " ind2=" ">
    <subfield code="r">BK</subfield>
    <subfield code="j">15208</subfield>
    <subfield code="k">ADM/011/4/01/015</subfield>
    <subfield code="o">0</subfield>
    <subfield code="9">44792</subfield>
    <subfield code="2">0</subfield>
    <subfield code="5">2024-02-05</subfield>
    <subfield code="b">LLP</subfield>
    <subfield code="c">LLP</subfield>
    <subfield code="f">LLP/ADM/011/4/01/015</subfield>
  </datafield>
  <datafield tag="995" ind1=" " ind2=" ">
    <subfield code="r">BK</subfield>
    <subfield code="j">15209</subfield>
    <subfield code="k">ADM/011/4/01/016</subfield>
    <subfield code="o">0</subfield>
    <subfield code="9">44793</subfield>
    <subfield code="2">0</subfield>
    <subfield code="5">2024-02-05</subfield>
    <subfield code="b">LLP</subfield>
    <subfield code="c">LLP</subfield>
    <subfield code="f">LLP/ADM/011/4/01/016</subfield>
  </datafield>
  <datafield tag="995" ind1=" " ind2=" ">
    <subfield code="r">BK</subfield>
    <subfield code="j">15210</subfield>
    <subfield code="k">ADM/011/4/01/017</subfield>
    <subfield code="o">0</subfield>
    <subfield code="9">44794</subfield>
    <subfield code="2">0</subfield>
    <subfield code="5">2024-02-05</subfield>
    <subfield code="b">LLP</subfield>
    <subfield code="c">LLP</subfield>
    <subfield code="f">LLP/ADM/011/4/01/017</subfield>
  </datafield>
  <datafield tag="995" ind1=" " ind2=" ">
    <subfield code="r">BK</subfield>
    <subfield code="j">15211</subfield>
    <subfield code="k">ADM/011/4/01/018</subfield>
    <subfield code="o">0</subfield>
    <subfield code="9">44795</subfield>
    <subfield code="2">0</subfield>
    <subfield code="5">2024-02-05</subfield>
    <subfield code="b">LLP</subfield>
    <subfield code="c">LLP</subfield>
    <subfield code="f">LLP/ADM/011/4/01/018</subfield>
  </datafield>
  <datafield tag="995" ind1=" " ind2=" ">
    <subfield code="r">BK</subfield>
    <subfield code="j">15212</subfield>
    <subfield code="k">ADM/011/4/01/019</subfield>
    <subfield code="o">0</subfield>
    <subfield code="9">44796</subfield>
    <subfield code="2">0</subfield>
    <subfield code="5">2024-02-05</subfield>
    <subfield code="b">LLP</subfield>
    <subfield code="c">LLP</subfield>
    <subfield code="f">LLP/ADM/011/4/01/019</subfield>
  </datafield>
  <datafield tag="995" ind1=" " ind2=" ">
    <subfield code="r">BK</subfield>
    <subfield code="j">15213</subfield>
    <subfield code="k">ADM/011/4/01/020</subfield>
    <subfield code="o">0</subfield>
    <subfield code="9">44797</subfield>
    <subfield code="2">0</subfield>
    <subfield code="5">2024-02-05</subfield>
    <subfield code="b">LLP</subfield>
    <subfield code="c">LLP</subfield>
    <subfield code="f">LLP/ADM/011/4/01/020</subfield>
  </datafield>
  <datafield tag="995" ind1=" " ind2=" ">
    <subfield code="r">BK</subfield>
    <subfield code="j">15214</subfield>
    <subfield code="k">ADM/011/4/01/021</subfield>
    <subfield code="o">0</subfield>
    <subfield code="9">44798</subfield>
    <subfield code="2">0</subfield>
    <subfield code="5">2024-02-05</subfield>
    <subfield code="b">LLP</subfield>
    <subfield code="c">LLP</subfield>
    <subfield code="f">LLP/ADM/011/4/01/021</subfield>
  </datafield>
  <datafield tag="995" ind1=" " ind2=" ">
    <subfield code="r">BK</subfield>
    <subfield code="j">15215</subfield>
    <subfield code="k">ADM/011/4/01/022</subfield>
    <subfield code="o">0</subfield>
    <subfield code="9">44799</subfield>
    <subfield code="2">0</subfield>
    <subfield code="5">2024-02-05</subfield>
    <subfield code="b">LLP</subfield>
    <subfield code="c">LLP</subfield>
    <subfield code="f">LLP/ADM/011/4/01/022</subfield>
  </datafield>
  <datafield tag="995" ind1=" " ind2=" ">
    <subfield code="r">BK</subfield>
    <subfield code="j">15216</subfield>
    <subfield code="k">ADM/011/4/01/023</subfield>
    <subfield code="o">0</subfield>
    <subfield code="9">44800</subfield>
    <subfield code="2">0</subfield>
    <subfield code="5">2024-02-05</subfield>
    <subfield code="b">LLP</subfield>
    <subfield code="c">LLP</subfield>
    <subfield code="f">LLP/ADM/011/4/01/023</subfield>
  </datafield>
  <datafield tag="995" ind1=" " ind2=" ">
    <subfield code="r">BK</subfield>
    <subfield code="j">15217</subfield>
    <subfield code="k">ADM/011/4/01/024</subfield>
    <subfield code="o">0</subfield>
    <subfield code="9">44801</subfield>
    <subfield code="2">0</subfield>
    <subfield code="5">2024-02-05</subfield>
    <subfield code="b">LLP</subfield>
    <subfield code="c">LLP</subfield>
    <subfield code="f">LLP/ADM/011/4/01/024</subfield>
  </datafield>
  <datafield tag="995" ind1=" " ind2=" ">
    <subfield code="r">BK</subfield>
    <subfield code="j">15218</subfield>
    <subfield code="k">ADM/011/4/01/025</subfield>
    <subfield code="o">0</subfield>
    <subfield code="9">44802</subfield>
    <subfield code="2">0</subfield>
    <subfield code="5">2024-02-05</subfield>
    <subfield code="b">LLP</subfield>
    <subfield code="c">LLP</subfield>
    <subfield code="f">LLP/ADM/011/4/01/025</subfield>
  </datafield>
  <datafield tag="995" ind1=" " ind2=" ">
    <subfield code="r">BK</subfield>
    <subfield code="j">15219</subfield>
    <subfield code="k">ADM/011/4/01/026</subfield>
    <subfield code="o">0</subfield>
    <subfield code="x">1</subfield>
    <subfield code="9">44803</subfield>
    <subfield code="2">0</subfield>
    <subfield code="5">2024-02-05</subfield>
    <subfield code="b">LLP</subfield>
    <subfield code="c">LLP</subfield>
    <subfield code="f">LLP/ADM/011/4/01/026</subfield>
  </datafield>
  <datafield tag="995" ind1=" " ind2=" ">
    <subfield code="r">BK</subfield>
    <subfield code="j">15220</subfield>
    <subfield code="k">ADM/011/4/01/027</subfield>
    <subfield code="o">0</subfield>
    <subfield code="9">44804</subfield>
    <subfield code="2">0</subfield>
    <subfield code="5">2024-02-05</subfield>
    <subfield code="b">LLP</subfield>
    <subfield code="c">LLP</subfield>
    <subfield code="f">LLP/ADM/011/4/01/027</subfield>
  </datafield>
  <datafield tag="995" ind1=" " ind2=" ">
    <subfield code="r">BK</subfield>
    <subfield code="j">15221</subfield>
    <subfield code="k">ADM/011/4/01/028</subfield>
    <subfield code="o">0</subfield>
    <subfield code="9">44805</subfield>
    <subfield code="2">0</subfield>
    <subfield code="5">2024-02-05</subfield>
    <subfield code="b">LLP</subfield>
    <subfield code="c">LLP</subfield>
    <subfield code="f">LLP/ADM/011/4/01/028</subfield>
  </datafield>
  <datafield tag="995" ind1=" " ind2=" ">
    <subfield code="r">BK</subfield>
    <subfield code="k">ADM/011/4/01/029</subfield>
    <subfield code="o">0</subfield>
    <subfield code="9">44806</subfield>
    <subfield code="2">0</subfield>
    <subfield code="5">2024-02-05</subfield>
    <subfield code="b">LLP</subfield>
    <subfield code="c">LLP</subfield>
    <subfield code="f">LLP/ADM/011/4/01/029</subfield>
  </datafield>
</record>
